书目信息 |
| 题名: |
深度绩效奖励全案
|
|
| 作者: | 时光 著 | |
| 分册: | ||
| 出版信息: | 北京 中国法制出版社 2018 |
|
| 页数: | 186页 | |
| 开本: | 24cm | |
| 丛书名: | ||
| 单 册: | ||
| 中图分类: | F272.5 | |
| 科图分类: | ||
| 主题词: | 企业绩效--研究 | |
| 电子资源: | ||
| ISBN: | 978-7-5093-9296-6 | |
| 000 | 01015nam0 2200253 450 | |
| 001 | 012001012042 | |
| 005 | 20140103155724.0 | |
| 010 | @a978-7-5093-9296-6@dCNY49.00 | |
| 100 | @a20181129d2018 em y0chiy50 ea | |
| 101 | 0 | @achi |
| 102 | @aCN@b110000 | |
| 105 | @ay z 000yy | |
| 106 | @ar | |
| 200 | 1 | @a深度绩效奖励全案@9shen du ji xiao jiang li quan an@e如何有效激发员工工作动力?@f时光著 |
| 210 | @a北京@c中国法制出版社@d2018 | |
| 215 | @a186页@d24cm | |
| 314 | @a时光,国内知名绩效管理专家,行为学派绩效管理理论创始人,郑州大学MBA/EMBA、河南财经大学MBA高级讲师。著有《新绩效管理》《如何制定绩效奖励方案》等。 | |
| 330 | @a本书共5篇,13章。主要内容包括:绩效奖励方案的基本理论;系统性强化;绩效形式;集团公司的绩效奖励方案;绩效奖励方案范本等。 | |
| 517 | 1 | @a如何有效激发员工工作动力?@9ru he you xiao ji fa yuan gong gong zuo dong li? |
| 606 | 0 | @a企业绩效@x研究 |
| 690 | @aF272.5@v5 | |
| 701 | 0 | @a时光@9shi guang@4著 |
| 801 | 0 | @aCN@b上海新华@c20191020 |
| 905 | @b1139306-8@dF272.5@e1700@f3 | |
| 深度绩效奖励全案:如何有效激发员工工作动力?/时光著.-北京:中国法制出版社,2018 |
| 186页;24cm |
| ISBN 978-7-5093-9296-6:CNY49.00 |
| 本书共5篇,13章。主要内容包括:绩效奖励方案的基本理论;系统性强化;绩效形式;集团公司的绩效奖励方案;绩效奖励方案范本等。 |
| ● |
| 相关链接 |
|
|
|
|
正题名:深度绩效奖励全案
索取号:F272.5/1700
 
预约/预借
| 序号 | 登录号 | 条形码 | 馆藏地/架位号 | 状态 | 备注 |
| 1 | 1139306 | 211393062 | 第一样本阅览室/ [索取号:F272.5/1700] | 在馆 | |
| 2 | 1139307 | 211393071 | 第一借阅区/ [索取号:F272.5/1700] | 在馆 | |
| 3 | 1139308 | 211393080 | 第一借阅区/ [索取号:F272.5/1700] | 在馆 |